000 00350nam a2200133Ia 4500
008 240624s9999 xx 000 0 und d
041 _aeng
082 _a658.4 BOL
100 _aBOLCHOVER DAVID
245 _a90 MINUTE MANAGER BUSINESS LESSONS FROM
260 _c2004
_aNew Delhi
_bPearson Education
300 _a296 : p. : cm. ; 21
365 _cRS
_b40
999 _c8948
_d8948